[Event "Washington Class-ch A"]
[Site "Redmond"]
[Date "2012.11.23"]
[Round "3"]
[White "Edwards, Gary B"]
[Black "Campbell, Tim"]
[Result "1-0"]
[WhiteElo "1879"]
[BlackElo "1718"]
[PlyCount "39"]
[EventDate "2012.11.23"]
[EventType "swiss"]
[EventRounds "6"]
[EventCountry "USA"]
[SourceTitle "EXT 2017"]
[Source "ChessBase"]
[SourceDate "2016.10.25"]
[SourceVersion "1"]
[SourceVersionDate "2016.10.25"]
[SourceQuality "1"]

1. e4 c5 2. Nf3 Nc6 3. d4 cxd4 4. Nxd4 g6 5. Nc3 Bg7 6. Be3 Nf6 7. Be2 0-0 8. 0-0 d5 9. exd5 Nxd5 10. Nxd5 Qxd5 11. Bf3 Qd6 12. Nxc6 Qxd1 13. Nxe7+ Kh8 14. Raxd1 Bxb2 15. Nxc8 Raxc8 16. Rd2 b6 17. Rfd1 Rce8 18. Rd7 Kg7 19. Rxa7 Re6 20. g3 1-0

[Event "US Open-113"]
[Site "Vancouver"]
[Date "2012.08.12"]
[Round "9"]
[White "Zurybida, Paul"]
[Black "Campbell, Tim"]
[Result "0-1"]
[WhiteElo "2001"]
[BlackElo "1718"]
[PlyCount "140"]
[EventDate "2012.08.04"]
[EventType "swiss"]
[EventRounds "9"]
[EventCountry "USA"]
[SourceTitle "CBM 149 Extra"]
[Source "ChessBase"]
[SourceDate "2012.08.24"]
[SourceVersion "1"]
[SourceVersionDate "2012.08.24"]
[SourceQuality "1"]

1. e4 c5 2. Nf3 Nc6 3. Nc3 g6 4. Bb5 Bg7 5. 0-0 Nf6 6. d3 0-0 7. Be3 d6 8. a4 Qc7 9. h3 a6 10. Bc4 Be6 11. Bxe6 fxe6 12. Ng5 Qd7 13. f4 Nd8 14. Qe1 Nf7 15. Nxf7 Rxf7 16. d4 Qc6 17. e5 cxd4 18. Bxd4 Nd5 19. Nxd5 exd5 20. Rf2 Raf8 21. g3 Rf5 22. Re2 dxe5 23. Bxe5 Bxe5 24. Rxe5 Qb6+ 25. Kh1 Qxb2 26. Rxe7 d4 27. Rb1 Qxc2 28. Rbxb7 Qc6+ 29. Kh2 R5f7 30. Rbc7 Qf6 31. Re6 Rxc7 32. Rxf6 Rxf6 33. Qe8+ Kg7 34. Qe5 Rd7 35. g4 Kf7 36. f5 d3 37. fxg6+ hxg6 38. g5 Rf5 39. Qh8 d2 40. Qh7+ Ke8 41. Qxg6+ Kd8 42. Qb6+ Ke7 43. Qe3+ Kf7 44. g6+ Kf6 45. Qc3+ Ke7 46. Qe3+ Kf6 47. Qc3+ Re5 48. Qf3+ Kg7 49. Qc3 Rdd5 50. Qc7+ Kxg6 51. Qb6+ Kf5 52. Qf2+ Kg6 53. Qg1+ Kh6 54. Qd1 Re1 55. Qf3 d1Q 56. Qf6+ Kh5 57. Qf7+ Kg5 58. h4+ Kxh4 59. Qf4+ Qg4 60. Qh6+ Rh5 61. Qf6+ Rg5 62. Qh8+ Rh5 63. Qf6+ Qg5 64. Qd4+ Qg4 65. Qf6+ Rg5 66. Qh8+ Qh5 67. Qd4+ Rg4 68. Qf6+ Rg5 69. Qf4+ Qg4 70. Qf2+ Qg3+ 0-1